Международная школа-семинар "Парадигмы интернационализма, исторический опыт и перспективы развития патриотического воспитания", 18-20 ноября 2014 г., Ульяновск (Запись № 10603775)

Подробности
000 -МАРКЕР
контрольное поле 02684nam0a2200337 i 4500
001 - ИДЕНТИФИКАТОР ЗАПИСИ
контрольное поле RU\NLR\BIBL_A\010903683
005 - ИДЕНТИФИКАТОР ВЕРСИИ
контрольное поле 20260419063243.0
010 ## - МЕЖДУНАРОДНЫЙ СТАНДАРТНЫЙ НОМЕР КНИГИ (ISBN)
Номер (ISBN) 9785979513973
Тираж 50
021 ## - НОМЕР ГОСУДАРСТВЕННОЙ РЕГИСТРАЦИИ
Код страны Российская Федерация
Номер 2015-83864
Номер Листа государственной регистраци 5120
035 ## - ДРУГИЕ СИСТЕМНЫЕ НОМЕРА
Идентификатор записи (NILC)RuMoRGB-008055015
035 ## - ДРУГИЕ СИСТЕМНЫЕ НОМЕРА
Идентификатор записи (NLR Aleph) 010903683
100 ## - ДАННЫЕ ОБЩЕЙ ОБРАБОТКИ
Данные общей обработки 20151119d2014 km y0rusy50 ca
101 0# - ЯЗЫК РЕСУРСА
Язык текста, звукозаписи и т.д. русский
102 ## - СТРАНА ПУБЛИКАЦИИ ИЛИ ПРОИЗВОДСТВА
Страна публикации Российская Федерация
105 ## - ПОЛЕ КОДИРОВАННЫХ ДАННЫХ: ТЕКСТОВЫЕ МАТЕРИАЛЫ, МОНОГРАФИЧЕСКИЕ
Кодированные данные о монографическом текстовом документе a|||z|||100yy
200 1# - ЗАГЛАВИЕ И СВЕДЕНИЯ ОБ ОТВЕТСТВЕННОСТИ
Основное заглавие Международная школа-семинар "Парадигмы интернационализма, исторический опыт и перспективы развития патриотического воспитания", 18-20 ноября 2014 г., Ульяновск
Сведения, относящиеся к заглавию сборник научных трудов
210 ## - ПУБЛИКАЦИЯ, РАСПРОСТРАНЕНИЕ И ДР.
Место издания, распространения и т.д. Ульяновск
Имя издателя, распространителя и т. д. УлГТУ
Дата издания, распространения и т.д. 2014
215 ## - ФИЗИЧЕСКАЯ ХАРАКТЕРИСТИКА
Специфическое обозначение материала и объем 323 с.
Другие сведения о физической характеристике ил.
Размеры 20
300 ## - ОБЩИЕ ПРИМЕЧАНИЯ
Текст примечания В надзаг.: М-во образования и науки Рос. Федерации, Федер. гос. бюджет. образоват. учреждение высш. проф. образования "Ульян. гос. техн. ун-т", Ин-т дистанц. и доп. образования УлГТУ, Федер. гос. бюджет. образоват. учреждение высш. проф. образования "Ульян. гос. пед. ун-т им. И.Н. Ульянова", Федер. гос. бюджет. науч. учреждение "Центр исслед. пробл. воспитания, формирования здорового образа жизни, профилактики наркомании, соц.-пед. поддержки детей и молодежи", Акад. образования Великобритании (Лондон)
320 ## - ПРИМЕЧАНИЯ О НАЛИЧИИ В ДОКУМЕНТЕ БИБЛИОГРАФИИ / УКАЗАТЕЛЯ
Текст примечания Библиогр. в конце ст.
606 ## - НАИМЕНОВАНИЕ ТЕМЫ КАК ПРЕДМЕТ
Наименование темы Учащиеся
Тематический подзаголовок Воспитание гражданственности
Формальный подзаголовок Съезды, совещания и т.п
Идентификатор авторитетной/нормативной записи RU\NLR\AUTH\661494794
Системный номер авторитетной/нормативной записи 2522746
606 1# - НАИМЕНОВАНИЕ ТЕМЫ КАК ПРЕДМЕТ
Наименование темы Учащиеся
Формальный подзаголовок Съезды, совещания и т.п
Тематический подзаголовок Воспитание культуры межнациональных отношений
Системный номер авторитетной/нормативной записи 2142036
Идентификатор авторитетной/нормативной записи RU\NLR\AUTH\661595483
675 ## - УНИВЕРСАЛЬНАЯ ДЕСЯТИЧНАЯ КЛАССИФИКАЦИЯ (UDC/УДК)
Индекс 159.9
686 1# - ИНДЕКСЫ ДРУГИХ КЛАССИФИКАЦИЙ
Индекс Ч313.521.3я431
710 12 - НАИМЕНОВАНИЕ ОРГАНИЗАЦИИ - ПЕРВИЧНАЯ ОТВЕТСТВЕННОСТЬ
Начальный элемент ввода "Парадигмы интернационализма, исторический опыт и перспективы развития патриотического воспитания", международная школа-семинар
Место проведения временной организации Ульяновск
Дата проведения временной организации 2014
Системный номер авторитетной/нормативной записи 492779
Идентификатор авторитетной/нормативной записи RU\NLR\AUTH\880413772
801 #0 - ИСТОЧНИК ЗАПИСИ
Страна Российская Федерация
Организация РГБ
Дата составления 20151028
Правила каталогизации RCR
942 ## - ДОПОЛНИТЕЛЬНЫЕ ЭЛЕМЕНТЫ ЗАПИСИ (АБИС)
Тип экземпляра АБИС Книга
980 ## - КОЛЛЕКЦИЯ
Название коллекции НБР

Нет доступных экземпляров.